00661nam a22001932a 450000100060000000300060000600500170001200800410002903500200007004000370009004100080012708200230013510000340015824500970019226000410028930000520033050400410038265000440042323644UkOxU20211209000944.0140311s1966 enkbcf b 001 0 eng d a(BD-RjUL) 23709 aDLCcDLCdUKMdEQOdBD-RjULbeng aeng04a940.5421bMON 19661 aMoulton, J. L.q(James Louis)14aThe Norwegian campaign of 1940 :ba study of warfare in three dimensions /cby J. L. Moulton aLondon :bEyre & Spottiswoode,c1966 a328 p. :bplates (incl. ports.), maps. ;c23 cm aBibliography: p. [311]-316 and Index 0aWorld War, 1939-1945xCampaignszNorway